000 00927nam a2200205Ia 4500
008 151119s9999||||xx |||||||||||||| ||und||
082 _a181.4 विद्यानं/मानवी
082 _bGKKV32815
100 _aस्वामी विद्यानंद
245 _aमानवी जीवनात अध्यात्माचे नेमके स्थान
260 _aहडपसर
260 _bस्वामी विद्यानंद सेवा मंडळ
260 _c2011
300 _a108pp.
600 _aस्वामी विद्यानंद
630 _aमानवी जीवनात अध्यात्माचे नेमके स्थान
700 _aस्वामी विद्यानंद
730 _aमानवी जीवनात अध्यात्माचे नेमके स्थान
942 _cBOOK
999 _c1085116
_d1085113